Policy advice note (Record no. 109838)

MARC details
000 -LEADER
fixed length control field 01396cad a22002295a 4500
001 - CONTROL NUMBER
control field L148007
008 - FIXED-LENGTH DATA ELEMENTS--GENERAL INFORMATION
fixed length control field 090713s2009 xxkabo f 000 0 eng d
035 ## - SYSTEM CONTROL NUMBER
System control number (Sirsi) u148007
041 0# - LANGUAGE CODE
Language code of text/sound track or separate title eng
050 04 - LIBRARY OF CONGRESS CALL NUMBER
Classification number 386.1 $2 18
110 2# - MAIN ENTRY--CORPORATE NAME
Corporate name or jurisdiction name as entry element Town and Country Planning Association
9 (RLIN) 3022
245 00 - TITLE STATEMENT
Title Policy advice note
Remainder of title inland waterways, unlocking the potential and securing the future of inland waterways through the planning system
Medium [electronic resource]
260 ## - PUBLICATION, DISTRIBUTION, ETC.
Place of publication, distribution, etc. London
Name of publisher, distributor, etc. TCPA
Date of publication, distribution, etc. 2009
505 2# - FORMATTED CONTENTS NOTE
Formatted contents note Preface -- Introduction -- The unique characteristics of inland waterways -- The value of inland waterways -- Key planning policy challenges to unlocking the potential and benefits of inland waterways -- How the planning system can support inland waterways -- Planning tools and mechanisms -- Conclusion and recommendations -- Appendices
520 ## - SUMMARY, ETC.
Summary, etc. Aims to provide planning policy frameworks to support the sustainability of the inland waterway network and adjoining communities. Promotes the economic, social and environmental benefits inland waterways can bring.
521 ## - TARGET AUDIENCE NOTE
Target audience note Advanced
590 ## - LOCAL NOTE (RLIN)
Local note KA
651 #4 - SUBJECT ADDED ENTRY--GEOGRAPHIC NAME
Geographic name England and Wales
Chronological subdivision 1543-
690 ## - LOCAL SUBJECT ADDED ENTRY--TOPICAL TERM (OCLC, RLIN)
Topical term or geographic name as entry element PROPERTY-INFRASTRUCTURE-WATER TRANSPORT AND PROTECTION INFRASTRUCTURE
856 40 - ELECTRONIC LOCATION AND ACCESS
Uniform Resource Identifier <a href="https://www.tcpa.org.uk/resources.php?action=resource&id=578">https://www.tcpa.org.uk/resources.php?action=resource&id=578</a>
Public note View the policy advice note free of charge at www.tcpa.org.uk...
942 ## - ADDED ENTRY ELEMENTS (KOHA)
Suppress in OPAC 0
Holdings
Withdrawn status Lost status Source of classification or shelving scheme Damaged status Not for loan Home library Current library Shelving location Date acquired Total Checkouts Full call number Barcode Date last seen Copy number Price effective from Koha item type
    Dewey Decimal Classification     Virtual Virtual Online 13/07/2009   ONLINE PUBLICATION 148007-2001 06/08/2019 1 06/08/2019 Book